000 01642nam a2200277Ia 4500
999 _c54727
_d54727
001 21794
003 GE_BSU
005 20220413173805.0
008 181216s2017||||ge |||||||||||||| ||geo||
020 _a9789941097294
040 _cGE_BSU
041 _ageo
080 _a364.63-053+343.54 ნ-70
100 _aნისი, მარტინ
_913670
245 _aძალადობის მსხვერპლი ბავშვი, დარღვეული დუმილის დადებითად გამოყენება /
_cმარტინ ნისი ; თარგმნა ფრანგულიდან ქართულად ელენე კილაძე ; ტექსტის ადაპტაცია და რედაქტირება ქეთევან თავართქილაძე, ლია სარალიძე.
264 _aთბილისი :
_bსაქ. საზოგადოებრივი ჯანდაცვის ფონდი,
_c2017.
300 _a190 გვ. ;
_c 21 სმ.
541 _h3 ლ.
653 _aსოციალური კეთილდღეობა
653 _aძალადობა ბავშვებზე
653 _aოჯახური ძალადობა
653 _aძალადობის მსხვერპლი ბავშვი
653 _aდარღვეული დუმილის დადებითად გამოყენება
700 _aკილაძე, ელენე
_eმთარგმნელი
_913671
942 _cBK
_2udc